000 01468cam a2200373 a 4500
001 16074955
005 20170105102901.0
008 100129s2010 enk 000 0 eng
010 _a 2010004241
015 _aGBB045736
_2bnb
016 7 _a015521909
_2Uk
020 _a9780415572835 (hardcover)
020 _a9780203846698 (ebook)
035 _a(OCoLC)ocn441141110
040 _aDLC
_cDLC
_dBTCTA
_dYDXCP
_dUKM
_dBWK
_dCDX
_dSHH
_dDLC
043 _ae------
_aln-----
_an-us---
050 0 0 _aJZ5930
_b.R38 2010
082 0 0 _a355/.03301821
_222
245 0 4 _aThe Routledge handbook of transatlantic security /
_cedited by Basil Germond, Jussi M. Hanhimäki, and Georges-Henri Soutou.
260 _aMilton Park, Abingdon, Oxon, [England] ;
_aNew York :
_bRoutledge,
_cc2010.
300 _axviii, 313 p. ;
_c26 cm.
610 2 0 _aNorth Atlantic Treaty Organization.
650 0 _aSecurity, International
_zNorth Atlantic Region.
650 0 _aNational security
_zEurope.
650 0 _aNational security
_zUnited States.
651 0 _aUnited States
_xMilitary relations
_zEuropean Union countries.
651 0 _aEuropean Union countries
_xMilitary relations
_zUnited States.
700 1 _aGermond, Basil.
700 1 _aHanhimäki, Jussi M.,
_d1965-
700 1 _aSoutou, Georges-Henri.
906 _a7
_bcbc
_corignew
_d1
_eecip
_f20
_gy-gencatlg
942 _2ddc
_cREF
999 _c14650
_d14650